[Event "19th Karpov Poikovsky 2018"]
[Site "Poikovsky"]
[Date "2018.05.29"]
[Round "3"]
[White "Vidit, Santosh Gujrathi"]
[Black "Nepomniachtchi, Ian"]
[Result "1/2-1/2"]
[WhiteElo "2707"]
[BlackElo "2751"]
[Annotator "TA"]
[PlyCount "40"]
[EventDate "2018.??.??"]
[EventType "tourn"]
[EventCountry "RUS"]
[SourceTitle "playchess.com"]
[Source "ChessBase"]
[SourceQuality "1"]

{[%evp 9,40,25,20,17,10,0,0,0,33,0,0,0,0,0,0,0,0,0,0,-41,3,3,6,9,9,10,10,9,5,11,5,0,0]} 1. Nf3 d5 2. d4 Bf5 3. c4 e6 4. Nc3 Nf6 5. e3 a6 (5... c6 6. Nh4 Bg6 7. Be2 Nbd7 8. O-O Ne4 9. g3 Nd6 10. cxd5 cxd5 11. Bd2 Be7 12. Nxg6 hxg6 13. Kg2 g5 14. f3 Nb6 {0-1 (72) Giri,A (2798)-Aronian,L (2792) Zuerich 2016}) 6. c5 {D06: Queen's Gambit: Symmetrical and Baltic Defences} Nc6 7. Qa4 Nd7 8. Be2 g5 $146 ({Predecessor:} 8... Be7 9. O-O O-O 10. Bd2 Nf6 11. Rfc1 Ne4 12. Nxe4 Bxe4 {1-0 (45) Skomorokhin,R (2331)-Yordanov,L (1614) Golden Sands 2013}) 9. h3 {[%cal Bh2h3,Bh3h4][%mdl 32]} (9. e4 $5 Bxe4 10. Nxe4 (10. Bxg5 Be7 $11) 10... dxe4 11. Nxg5 $11) 9... Bg7 10. g4 Bg6 $1 11. h4 h5 12. gxh5 Bxh5 13. Nxg5 ({Much weaker is} 13. hxg5 Bxf3 14. Rxh8+ Bxh8 $17) 13... Bxe2 14. Nxe2 (14. Kxe2 {looks sharper.} Rxh4 15. Rxh4 Qxg5 16. Rh1 O-O-O 17. Bd2) 14... e5 (14... Qe7 {keeps more tension.} 15. b4 e5 16. Bb2 exd4 17. O-O-O d3) 15. Qb3 $36 {[%mdl 2048] The position is equal. White is pushing.} exd4 16. exd4 Nxd4 17. Nxd4 Bxd4 18. Qxd5 {[%csl Gg5][%cal Rd5f7] [#]} Ne5 19. Qxd8+ Rxd8 20. Ke2 Bxc5 {Precision: White = 78%, Black = 66%.} 1/2-1/2

[Event "19th Karpov Poikovsky 2018"]
[Site "Poikovsky"]
[Date "2018.05.29"]
[Round "3"]
[White "Fedoseev, Vladimir"]
[Black "Bologan, Victor"]
[Result "1-0"]
[WhiteElo "2706"]
[BlackElo "2610"]
[Annotator "TA"]
[PlyCount "45"]
[EventDate "2018.??.??"]
[EventType "tourn"]
[EventCountry "RUS"]
[SourceTitle "playchess.com"]
[Source "ChessBase"]
[SourceQuality "1"]

{[%evp 19,45,42,73,23,83,11,53,47,37,29,71,58,79,75,90,43,212,207,172,205,215,210,217,224,224,199,1506,1488]} 1. d4 Nf6 2. c4 e6 3. Nf3 b6 4. a3 Ba6 5. Qc2 c5 6. d5 exd5 7. cxd5 g6 8. Nc3 {[%cal Bb1c3,Bc3b5,Bb5d6][%mdl 32]} Bg7 9. Bf4 {E12: Queen's Indian: Unusual White 4th moves, 4 a3, 4 Nc3 Bb7 5 a3 and 4 Nc3 Bb7} (9. e4 Bxf1 10. Kxf1 d6 11. Qa4+ Qd7 12. Qxd7+ Nbxd7 13. Bf4 Ke7 14. h3 a6 15. a4 Ne8 16. Nd2 Ne5 17. Ke2 f5 18. exf5 gxf5 19. Bxe5 Bxe5 {½-½ (46) Akobian,V (2640)-Onischuk,A (2681) Saint Louis 2018}) 9... d6 10. h4 h6 {LiveBook: 3 Games} 11. g3 $146 {White is better.} ({Predecessor:} 11. e3 Bxf1 12. Kxf1 O-O 13. h5 Nxh5 14. Rxh5 gxh5 15. Ne4 Nd7 16. Nxd6 Qf6 {1-0 (28) Esen,B (2570)-Lobanov,S (2394) St Petersburg 2015}) 11... Qe7 {[#]} (11... O-O $11) 12. Qa4+ (12. O-O-O $1 $16) 12... b5 13. Nxb5 O-O 14. Nxd6 Nxd5 15. O-O-O Nxf4 16. gxf4 {Hoping for Ne5!} (16. Qxf4 Nc6 $15) 16... Bb7 17. h5 {[%cal Bh4h5,Bh5g6,Bg6f7][%mdl 32]} Qf6 $2 (17... Nc6 $1 $14 18. hxg6 Nd4 19. Nxf7 (19. Nxd4 cxd4 20. Nxb7 Qxb7 $11) (19. gxf7+ Kh8 $14) 19... Qe4 20. Nxd4 cxd4) 18. Rd2 $18 Bc6 19. Qc4 Nd7 {Threatening ...Nb6.} 20. hxg6 Nb6 21. gxf7+ Kh8 22. Qc2 {aiming for Ne5.} ({Stronger than} 22. Qxc5 Bxf3 23. exf3 Rac8 $17) 22... Qxf4 $2 {[#]} (22... Bxf3 23. exf3 Rad8) 23. Nh4 $1 {[%mdl 512] Precision: White = 53%, Black = 43%.} 1-0

[Event "19th Karpov Poikovsky 2018"]
[Site "Poikovsky"]
[Date "2018.05.29"]
[Round "3"]
[White "Gelfand, Boris"]
[Black "Artemiev, Vladislav"]
[Result "1-0"]
[WhiteElo "2695"]
[BlackElo "2704"]
[Annotator "TA"]
[PlyCount "79"]
[EventDate "2018.??.??"]
[EventType "tourn"]
[EventCountry "RUS"]
[SourceTitle "playchess.com"]
[Source "ChessBase"]
[SourceQuality "1"]

{[%evp 10,79,27,16,37,27,33,15,43,14,5,0,0,-6,0,-2,2,-12,10,10,14,22,22,16,25,16,33,30,37,26,33,33,66,58,63,63,116,118,124,120,123,122,122,116,117,53,123,120,299,290,276,242,239,237,251,248,275,275,276,269,265,219,183,180,588,473,708,702,693,686,2064,2029]} 1. Nf3 d5 2. d4 Nf6 3. c4 c6 4. Nc3 a6 5. Qc2 g6 (5... dxc4 6. e4 b5 7. b3 b4 8. Na4 cxb3 9. axb3 e6 10. Bd3 Be7 11. O-O h6 12. Bf4 O-O 13. Qd2 {0-1 (34) Matlakov,M (2735)-Fedoseev,V (2718) St Petersburg 2017}) 6. Bg5 {LiveBook: 7 Games. D15: Slav Defence: 4 Nc3 a6 and gambit lines after 4 Nc3 dxc4} Be6 7. e4 dxe4 8. Nxe4 {White is slightly better.} Nbd7 9. Nxf6+ $146 (9. Ng3 {feels hotter.} Bg4 10. Be2 Qc7 11. O-O Bg7 12. Rac1) ({Predecessor:} 9. Ned2 Bf5 10. Bd3 Bxd3 11. Qxd3 Bg7 12. Qe2 h6 13. Bh4 {1-0 (39) Stocek,J (2584)-Bernasek,J (2535) Havlickuv Brod 2008}) 9... exf6 10. Bd2 Bg7 11. Be2 O-O 12. O-O Bf5 13. Qb3 Re8 14. Rfe1 Qb6 15. Qxb6 Nxb6 16. Ba5 Nd7 17. Nd2 {[%cal Bf3d2,Bd2b3,Bb3c5][%mdl 32]} b6 18. Bc3 $36 {[%mdl 2048] White has good play.} c5 19. Bf3 Rad8 20. Nb3 Be6 21. Bc6 {Threatens to win with dxc5.} Rf8 $1 22. Bxd7 Rxd7 (22... cxd4 $1 $14 23. Bxe6 dxc3) 23. dxc5 $16 Bxc4 24. cxb6 {Strongly threatening Na5.} Rb8 25. Nc5 Rd5 26. b4 Rxb6 27. Re8+ Bf8 {[#]} 28. Ne4 $1 {[%cal Re4f6]} Bb5 $2 {[#]} (28... Rf5 $16) 29. Rc8 $1 $18 (29. Nxf6+ Rxf6 30. Rxf8+ Kxf8 $14) 29... Rf5 30. a4 Bd3 31. Nc5 Rd5 32. Rd1 Rbd6 33. Nxd3 Rxd3 34. Rxd3 Rxd3 {[%mdl 4096] Endgame KRB-KRB} 35. Kf1 Rd1+ 36. Ke2 Rb1 $2 (36... Rd6 37. b5 Kg7) 37. Ra8 {White is clearly winning.} Rb3 (37... h6 $142 38. Rxa6 (38. Bxf6 Rxb4 39. a5 Ra4 $18) 38... Be7) 38. Kd3 Ra3 39. Kc4 Rxa4 40. Kb3 {Precision: White = 66%, Black = 39%.} 1-0

[Event "19th Karpov Poikovsky 2018"]
[Site "Poikovsky"]
[Date "2018.05.29"]
[Round "3"]
[White "Korobov, Anton"]
[Black "Kovalev, Vladislav"]
[Result "1/2-1/2"]
[WhiteElo "2678"]
[BlackElo "2650"]
[Annotator "TA"]
[PlyCount "84"]
[EventDate "2018.??.??"]
[EventType "tourn"]
[EventCountry "RUS"]
[SourceTitle "playchess.com"]
[Source "ChessBase"]
[SourceQuality "1"]

{[%evp 23,84,17,19,22,36,0,31,14,27,40,33,27,18,31,43,33,26,33,37,36,63,22,25,4,12,9,86,77,79,88,113,114,212,214,201,175,181,95,97,92,84,87,111,27,31,33,26,29,54,12,12,13,24,24,24,22,22,22,25,27,31,25,22]} 1. d4 Nf6 2. Nf3 g6 3. c4 Bg7 4. Nc3 O-O 5. e4 d6 6. Be2 e5 7. d5 a5 8. Bg5 h6 9. Be3 Ng4 {E92: King's Indian: Classical: 6 Be2 e5: 7 dxe5, 7 Be3 and Petrosian System without 7...Nbd7} 10. Bd2 f5 11. h3 Nf6 12. exf5 gxf5 {LiveBook: 48 Games} 13. g3 (13. Qc1 f4 14. g3 e4 15. Nh4 e3 16. fxe3 fxg3 17. Ng6 {½-½ (69) Erdos,V (2628)-Amin,B (2680) Tbilisi 2017}) 13... Na6 {[%cal Bb8a6,Ba6c5,Bc5e4][%mdl 32]} 14. Qc1 Kh7 $1 15. Nh4 Nc5 16. Be3 Nfe4 17. Nxe4 Nxe4 18. Qc2 $146 Qf6 19. O-O Bd7 20. Kh2 b6 21. Rg1 a4 22. Raf1 Nc5 23. Rd1 Rab8 24. Bh5 b5 (24... Be8 $11 {keeps the balance.} 25. Bxe8 Rbxe8) 25. Bxc5 $16 dxc5 26. cxb5 e4 27. Qxc5 Rxb5 (27... Qd6 $16 28. Rc1 Rb7) 28. Qxc7 $18 Qd8 29. Bg6+ Kh8 {[#]} 30. Qxd8 (30. d6 $1 $18) 30... Rxd8 $16 31. b3 axb3 32. axb3 Rxb3 33. Nxf5 (33. Rb1 $16 Rd3 34. Nxf5) 33... Rf8 $11 34. g4 {[#] Hoping for Rb1.} Be5+ 35. Kg2 {And now Rb1 would win.} Rf6 36. Bh5 {Rge1 is the strong threat.} Bxf5 37. gxf5 {Threatening Bg6.} Rxf5 {Strongly threatening ...Rb2.} 38. Bg4 Rf6 39. Rge1 Rb2 40. Re2 Rxe2 41. Bxe2 Rg6+ 42. Kf1 Rf6 {Precision: White = 56%, Black = 68%.} 1/2-1/2

[Event "19th Karpov Poikovsky 2018"]
[Site "Poikovsky"]
[Date "2018.05.29"]
[Round "3"]
[White "Sutovsky, Emil"]
[Black "Jakovenko, Dmitry"]
[Result "0-1"]
[WhiteElo "2647"]
[BlackElo "2735"]
[Annotator "TA"]
[PlyCount "104"]
[EventDate "2018.??.??"]
[EventType "tourn"]
[EventCountry "RUS"]
[SourceTitle "playchess.com"]
[Source "ChessBase"]
[SourceQuality "1"]

{[%evp 10,104,6,4,0,0,0,0,0,1,1,10,7,7,10,2,14,0,0,0,0,0,0,0,4,-20,0,0,0,0,0,0,24,0,22,0,0,0,77,50,69,74,71,0,-7,-47,-49,-30,-49,-20,-32,-35,0,-82,-47,-81,-70,-1069,-882,-2222,-889,-704,-645,-704,-666,-535,-318,-317,-317,-311,-296,-560,-429,-428,-428,-531,-457,-2051,-1512,-1285,-528,-12835,-12835,-12835,-12835,-12837,-2300,-12839,-12839,-12840,-12840,-12841,-12840,-12843,-12843,-12843,-12843]} 1. e4 e5 2. Nf3 Nc6 3. Bb5 Nf6 4. d3 Bc5 5. O-O Nd4 6. Be3 {LiveBook: 3 Games. C65: Ruy Lopez: Berlin Defence (3...Nf6), unusual lines and 4 0-0 Bc5} (6. Nxd4 Bxd4 7. Nd2 a6 8. Ba4 b5 9. Bb3 d6 10. Nf3 Bb6 11. a4 Rb8 12. axb5 axb5 13. c3 O-O 14. Re1 c5 {½-½ (39) Vachier Lagrave,M (2789)-Nakamura,H (2769) Stavanger 2018}) 6... Nxf3+ 7. Qxf3 Bxe3 8. Qxe3 {The position is equal.} c6 $146 ({Predecessor:} 8... O-O 9. d4 exd4 10. Qxd4 d5 11. e5 Nd7 12. Bxd7 Qxd7 13. f4 f6 14. Re1 {½-½ (14) Janisch,M (2399)-Auzins,M (2400) ICCF email 2016}) 9. Bc4 O-O 10. Bb3 d6 11. Nd2 {[%cal Bb1d2,Bd2f3,Bf3d4,Bd4e2,Be2g3,Bg3f5][%mdl 32]} Re8 12. f4 Be6 13. Kh1 exf4 14. Qxf4 d5 15. e5 Nd7 16. Nf3 Nc5 17. Nd4 Qd7 (17... a5 {is more complex.} 18. a3 Qb6 19. Nxe6 fxe6 20. Qf7+ Kh8) 18. Rae1 Nxb3 19. axb3 c5 20. Ne2 d4 21. Ng3 Bd5 22. Re2 Re6 {[#]} 23. b4 $1 {[%mdl 512]} cxb4 (23... b6 $11) 24. Nf5 $16 Rg6 25. Qxd4 Re8 26. Qxa7 ({White should try} 26. Qxb4 $16 h6 27. d4) 26... Rg5 $11 27. Ref2 (27. Nd4 {looks sharper.} h6 28. e6 fxe6 29. Qb6 e5 30. Nf3) 27... Bxg2+ 28. Rxg2 Rxf5 29. Rxf5 Qxf5 30. Qxb7 $15 {[%mdl 4096] Endgame KQR-KQR} h5 (30... b3 $5 31. e6 Qxe6 $15) 31. Qxb4 (31. d4 $11 {remains equal.}) 31... Rxe5 $17 ({Much worse is} 31... Qf1+ $6 32. Rg1 $11) 32. Qd2 h4 {[%mdl 1024] ...h3 is the strong threat. Black has strong compensation.} 33. Rf2 $2 {[%mdl 8192]} (33. Kg1 $15) 33... Qe6 $19 34. Qf4 h3 (34... g5 $142 35. Qd4 Re1+ 36. Kg2 h3+ 37. Kg3 f5) 35. Kg1 Re1+ 36. Rf1 Qg6+ 37. Kf2 Re6 {[%csl Gh3][%cal Rg6g2]} 38. Rg1 Qh5 {( -> ...Qe2+)} 39. Rg4 Qc5+ 40. Kf1 $2 (40. Kg3 {was the only defense.} f5 41. Rg5) 40... Qc6 {Black is clearly winning.} 41. Kg1 {[#]} g6 $1 42. Qd2 Qb6+ 43. Kf1 (43. d4 $142 Qxb2 44. Rf4) 43... Qxb2 44. Re4 Rf6+ (44... Rc6 $142 45. Re2 Rf6+ 46. Rf2 Ra6) 45. Kg1 Qb6+ 46. d4 Qb5 {[%csl Gb5][%cal Rf6f1]} 47. Re2 Rf5 (47... Qf5 $142 48. Re8+ Kg7) 48. Qe1 Qd5 49. Re8+ Kg7 {[%csl Gh3][%cal Rd5g2]} 50. Qe4 Qb5 {[%csl Gb5][%cal Rf5f1]} 51. Qe2 Qb1+ 52. Qe1 Qxc2 {Precision: White = 39%, Black = 70%.} 0-1

[Event "19th Karpov Poikovsky 2018"]
[Site "Poikovsky"]
[Date "2018.05.30"]
[Round "4"]
[White "Nepomniachtchi, Ian"]
[Black "Korobov, Anton"]
[Result "1-0"]
[WhiteElo "2751"]
[BlackElo "2678"]
[Annotator "TA"]
[PlyCount "121"]
[EventDate "2018.??.??"]
[EventType "tourn"]
[EventCountry "RUS"]
[SourceTitle "playchess.com"]
[Source "ChessBase"]
[SourceQuality "1"]

{[%evp 16,121,57,14,62,54,46,45,61,37,62,58,52,43,50,52,66,75,118,35,58,59,56,70,64,64,56,57,80,81,81,106,157,124,123,117,97,87,126,81,83,79,132,120,128,128,131,124,122,118,120,123,114,109,125,81,77,83,85,39,78,83,103,83,84,80,95,84,127,127,127,127,127,127,127,127,127,127,127,127,127,52,127,127,191,188,277,277,262,254,232,185,360,348,494,486,324,321,485,500,497,494,486,441,29992,29993,29993,29994]} 1. e4 c5 2. Nf3 d6 3. d4 cxd4 4. Nxd4 Nf6 5. Nc3 a6 6. Bg5 Nbd7 7. Bc4 h6 8. Bh4 g6 {B94: Sicilian Najdorf: 6 Bg5 Nbd7} 9. Qe2 {LiveBook: 7 Games. White wants to play e5.} Bg7 (9... e5 10. Nb3 Be7 11. a4 Nb6 12. Bd3 Be6 13. a5 Nbd7 14. Bc4 Rc8 15. Bxe6 fxe6 16. O-O {1-0 (79) Nepomniachtchi,I (2751)-Fedoseev,V (2724) Moscow 2018}) 10. O-O-O O-O {White is slightly better.} 11. Bb3 Qc7 12. Kb1 Rb8 13. f4 e5 14. fxe5 dxe5 15. Nf3 b5 16. g4 $146 ({Predecessor:} 16. Nd5 Nxd5 17. exd5 {½-½ (48) Mammadov,S (2314)-Eynullayev,A (2121) Baku 2018}) 16... Nb6 17. h3 (17. Bxf6 $1 $16 Bxf6 18. Rhg1) 17... Na4 18. Rd3 $1 {[%cal Bd1d3,Bd3c3,Bc3c4][%mdl 32]} Be6 19. Bxf6 Bxf6 20. Nd5 Bxd5 $1 21. Bxd5 Nc5 22. Rc3 {aiming for Qe3.} b4 23. Rc4 $36 {[%mdl 2048] Qe3 is the strong threat. Keeping Black busy.} Bg7 (23... Qe7 $142) 24. Qe3 Rb5 25. Rf1 Qb6 26. Nd2 Na4 27. Qd3 Nc5 28. Qe2 a5 ({Black should play} 28... Ne6) 29. Nb3 $1 $16 Qd6 30. Qe3 Ne6 31. Rc6 Qd7 32. Qd3 Rbb8 33. Nc5 Nxc5 34. Rxc5 a4 35. Qc4 Kh8 36. Rc7 Qd8 37. Rcxf7 Rxf7 38. Rxf7 Qb6 39. Qf1 Qd4 40. Qd3 Qc5 41. Rf3 Rf8 {( -> ...Qg1+)} 42. a3 $1 Rxf3 43. Qxf3 {Strongly threatening axb4.} bxa3 44. bxa3 Qb6+ 45. Ka2 Qc5 46. Qd3 Bf8 47. Bc4 Kg7 {[#]} 48. Qd7+ (48. Bb5 $1 $16) 48... Be7 ({Black should try} 48... Kf6 $1 $14 49. Qxa4 Kg5) 49. Qxa4 Qd4 {[#]} (49... Kf6 $16 50. h4 Kg7) 50. Qa6 $1 $18 {[%cal Ra6e6] Black must now prevent Qe6.} Qxe4 (50... Qd6 $142 51. Qa8 h5) 51. Bb3 {And now Qe6 would win.} Qf4 52. Qe6 {Intending Qg8+ and mate.} Qf8 53. Qxe5+ Bf6 $2 (53... Qf6 {keeps fighting.} 54. Qd5 h5 55. gxh5 gxh5 56. Qxh5 Qd6) 54. Qd5 Bh4 (54... g5 {was worth a try.} 55. Qe6 Kh8) 55. a4 Qe7 56. a5 {[%cal Ba4a5,Ba5a6][%mdl 32]} Bf2 (56... Qd8 $142 57. Qb5 Bf2 58. Qb7+ Kh8) 57. a6 g5 58. Bc4 Ba7 59. c3 Qc7 (59... Be3 $18 60. Kb1 Kf6) 60. Qg8+ Kf6 61. Qf8+ {Precision: White = 79%, Black = 42%.} 1-0

[Event "19th Karpov Poikovsky 2018"]
[Site "Poikovsky"]
[Date "2018.05.30"]
[Round "4"]
[White "Jakovenko, Dmitry"]
[Black "Vidit, Santosh Gujrathi"]
[Result "1/2-1/2"]
[WhiteElo "2735"]
[BlackElo "2707"]
[Annotator "TA"]
[PlyCount "48"]
[EventDate "2018.??.??"]
[EventType "tourn"]
[EventCountry "RUS"]
[SourceTitle "playchess.com"]
[Source "ChessBase"]
[SourceQuality "1"]

{[%evp 18,48,12,14,37,22,52,40,56,40,50,30,36,14,16,14,24,30,51,14,15,10,39,31,42,0,0,0,0,0,0,0,0]} 1. e4 e5 2. Nf3 Nc6 3. Bb5 a6 4. Ba4 Nf6 5. d3 Bc5 6. c3 b5 7. Bc2 d5 {C77: Ruy Lopez: 3...a6 4 Ba4 Nf6, unusual lines} 8. O-O dxe4 9. dxe4 Qxd1 10. Rxd1 {LiveBook: 3 Games} Bb7 11. Nbd2 $146 ({Predecessor:} 11. b4 Bd6 12. a4 O-O 13. Bg5 Nd7 14. Na3 h6 15. Be3 {½-½ (34) Felgaer,R (2575)-Trent,L (2470) Caleta 2015}) 11... O-O-O 12. Re1 Bb6 13. a4 Ne8 14. axb5 axb5 15. Nf1 f6 16. Be3 Nd6 17. N3d2 Na5 18. Bxb6 (18. Bd3 {seems wilder.} Ndc4 19. Nxc4 bxc4 20. Be2 Bc6 21. Bxb6 cxb6 22. Ne3) 18... cxb6 19. Ne3 $36 {[%mdl 2048] White is more active.} Ndc4 20. Ndxc4 Nxc4 21. Nxc4 (21. Nd5 $5) 21... bxc4 {The position is equal.} 22. Red1 Kc7 23. Rxd8 Rxd8 24. Kf1 b5 {Precision: White = 60%, Black = 36%.} 1/2-1/2

[Event "19th Karpov Poikovsky 2018"]
[Site "Poikovsky"]
[Date "2018.05.30"]
[Round "4"]
[White "Artemiev, Vladislav"]
[Black "Bologan, Victor"]
[Result "1-0"]
[WhiteElo "2704"]
[BlackElo "2610"]
[Annotator "TA"]
[PlyCount "115"]
[EventDate "2018.??.??"]
[EventType "tourn"]
[EventCountry "RUS"]
[SourceTitle "playchess.com"]
[Source "ChessBase"]
[SourceQuality "1"]

{[%evp 19,115,16,26,37,34,8,8,6,36,31,41,8,33,0,0,0,0,0,0,0,0,0,13,0,0,0,6,0,15,0,0,0,10,12,11,12,22,14,45,0,20,19,48,0,146,146,146,146,154,145,135,95,118,58,58,8,4,0,52,63,77,67,73,69,70,70,75,72,74,37,37,37,37,37,40,38,50,53,208,196,207,203,269,269,268,258,511,501,821,612,4947,4927,29984,29985,29984,29985,29993,29994]} 1. Nf3 Nf6 2. c4 b6 3. g3 Bb7 4. Bg2 e6 5. O-O Be7 6. Nc3 O-O 7. Re1 d5 8. cxd5 exd5 9. d4 Nbd7 {[%cal Bb8d7,Bd7f6,Bf6e4][%mdl 32]} 10. Bf4 Ne4 11. Qb3 {E17: Queen's Indian: 4 g3 Bb7 5 Bg2 Be7} Ndf6 12. Red1 c5 (12... Re8 13. Rac1 c5 14. Ne5 c4 15. Qc2 Rc8 16. Bh3 Nxc3 17. bxc3 Rc7 {0-1 (67) Tomashevsky,E (2758)-Korobov,A (2700) Berlin 2015}) 13. dxc5 {The position is equal.} Bxc5 14. Nxe4 Nxe4 15. Be3 {[#]} Re8 $146 ({Predecessor:} 15... Qf6 16. Bxc5 Nxc5 {0-1 (62) Epishin,V (2570)-Kortschnoj,V (2610) Hamburg 1997}) 16. Bd4 Ba6 17. e3 Be2 18. Re1 Bxf3 19. Bxf3 Bxd4 20. exd4 Qd6 21. Rac1 g6 22. Qa4 Re6 23. Bg2 a5 24. Re2 Rae8 25. Bh3 f5 26. Bg2 Nf6 27. Rxe6 Rxe6 28. Bf3 g5 29. h3 Kg7 30. Qc2 $36 {[%mdl 2048] White has the initiative.} g4 31. Bg2 Kg6 (31... f4 $11) 32. hxg4 $16 Nxg4 33. Bh3 Nh6 {[#]} 34. Qc8 $1 Rf6 35. Qe8+ Kg7 36. Qe5 (36. Re1 $16) 36... Nf7 $1 $14 {[%cal Rf7e5]} 37. Rc7 {Strongly threatening Qxd6.} Kg6 38. Qxd6 Nxd6 $11 {[%mdl 4096] Endgame KRB-KRN} (38... Rxd6 $11 39. Bxf5+ Kxf5 40. Rxf7+ Ke4) 39. Rd7 $14 Nc4 40. b3 Rd6 41. Re7 Nd2 42. Kg2 $1 Ne4 43. Re5 Rf6 44. f3 {[%cal Bf2f3,Bf3f4,Bf4f5][%mdl 32]} Nc3 45. a4 f4 46. Be6 fxg3 47. Kxg3 h5 48. f4 Ne4+ $2 ({Black should play} 48... Kh6 $14) 49. Kf3 $18 Nd2+ 50. Ke2 Nxb3 {[#]} 51. f5+ $1 Kg5 52. Rxd5 Nc1+ $2 (52... Rh6 53. Rd8 Nc1+ 54. Ke3 h4 55. Rg8+ Kf6 56. Rf8+ Kg5 57. Rg8+ Kf6 58. Rf8+ Kg5) 53. Ke3 Na2 (53... h4 $142 54. Rb5 Rh6) 54. Rd8 Nc3 55. Rg8+ Kh6 56. Kf4 {White mates.} Kh7 57. Rc8 Nxa4 58. Kg5 {Precision: White = 65%, Black = 45%.} 1-0

[Event "19th Karpov Poikovsky 2018"]
[Site "Poikovsky"]
[Date "2018.05.30"]
[Round "4"]
[White "Gelfand, Boris"]
[Black "Sutovsky, Emil"]
[Result "1-0"]
[WhiteElo "2695"]
[BlackElo "2647"]
[Annotator "TA"]
[PlyCount "75"]
[EventDate "2018.??.??"]
[EventType "tourn"]
[EventCountry "RUS"]
[SourceTitle "playchess.com"]
[Source "ChessBase"]
[SourceQuality "1"]

{[%evp 17,75,15,18,12,8,9,17,4,26,25,19,20,37,25,77,72,63,54,66,58,52,0,102,116,102,102,143,143,149,153,164,137,155,139,121,133,124,91,209,58,58,53,55,60,64,53,69,69,237,239,259,227,422,422,400,413,436,427,637,637]} 1. d4 Nf6 2. c4 g6 3. g3 Bg7 4. Bg2 d5 5. Nf3 O-O 6. O-O c6 7. Qb3 dxc4 8. Qxc4 Bf5 9. Nc3 Nbd7 {LiveBook: 122 Games} 10. h3 {D78: Fianchetto Grünfeld: 6 0-0 c6} (10. Re1 Nb6 11. Qb3 Be6 12. Qd1 Nfd5 13. Ne4 Qc8 14. Neg5 Rd8 15. e4 Nc7 16. Bf4 Nb5 17. d5 cxd5 18. Rc1 {½-½ (79) Yu,Y (2751)-Grischuk,A (2772) Huaian 2017}) 10... Ne4 11. Qb3 Qb6 $146 ({Predecessor:} 11... Nb6 12. a4 a5 13. Rd1 Ra6 14. Ne1 Be6 15. Qc2 Nxc3 16. bxc3 Qc8 17. Kh2 c5 {1-0 (54) Avrukh,B (2605)-Gupta,A (2637) Istanbul 2012}) 12. Rd1 {The position is equal.} Qxb3 13. axb3 Nb6 14. Ne1 {[%cal Bf3e1,Be1d3,Bd3c5][%mdl 32]} Nxc3 15. bxc3 Be6 (15... e5 $11 {remains equal.}) 16. Rb1 $16 a5 17. Nd3 a4 18. Nc5 $36 {[%mdl 2048] White fights for an advantage.} Bc8 19. Bd2 (19. e4 $14) 19... axb3 (19... a3 $11 {keeps the balance.}) 20. Rxb3 Nc4 21. Nxb7 Ra2 22. Bc1 Bxb7 23. Rxb7 Rxe2 24. Bxc6 Rc2 25. Rxe7 Rxc3 26. Bd5 {Hoping for Rc7.} Nb6 27. Ba2 Ra8 (27... Rc2 $16 {keeps fighting.}) 28. Re2 $2 ({Much less strong is} 28. Bxf7+ Kf8) (28. Rde1 $18 Rxc1 29. Rxc1 Rxa2 30. Re8+ Bf8 31. Rc6) 28... Bxd4 $14 29. Kg2 Bf6 30. Bh6 {Black must now prevent Rd6.} Bg7 31. Be3 Rc6 32. Red2 Bc3 $2 {[#]} ({Black should play} 32... Be5 $14) 33. Rc2 $1 $18 Rac8 34. Rdc1 {And now Bxb6 would win.} Nd7 $2 {[#]} (34... Nc4) 35. Bd4 $1 {[%mdl 512]} Bxd4 36. Rxc6 Rxc6 37. Rxc6 Ne5 (37... Nc5 $142 38. Rc8+ Kg7) 38. Rd6 {Precision: White = 68%, Black = 43%.} 1-0